| 000 | 00000nam##2200000za#4500 |
| 001 | 9.607885 |
| 003 | CaOODSP |
| 005 | 20230801131726 |
| 007 | cr ||||||||||| |
| 008 | 150406|2010||||xxc|||||o f|0| 0 fre|d |
| 040 | |aCaOODSP|bfre |
| 043 | |an-cn--- |
| 086 | 1 |aPS83-5/R230F-PDF |
| 110 | 2 |aService correctionnel Canada. |bDirection de la recherche. |
| 245 | 10|aPremiers résultats du Système informatisé de dépistage des troubles mentaux à l'évaluation initiale (SIDTMEI) pour les femmes purgeant une peine de ressort fédéral / |h[ressource électronique]|cPréparé par : Kyle Archambault. |
| 260 | |aOttawa - Ontario : |bService correctionnel Canada. |cDécembre 2010. |
| 300 | |a1p. |
| 490 | 1 |aRecherche en un coup d'oeil|vR-230 |
| 590 | |a14-19-Supp|b2014-11-03 |
| 775 | 08|tInitial results of the Computerized Mental Health Intake Screening System (CoMHISS) for federally sentenced women / |w(CaOODSP)9.580999 |
| 830 | #0|aRecherche en un coup d'œil (Service correctionnel Canada)|vR-230|w(CaOODSP)9.503037 |
| 856 | 40|ahttp://publications.gc.ca|qPDF|s100 Ko|uhttps://publications.gc.ca/collections/collection_2014/scc-csc/PS83-5-R230-fra.pdf|yR-230 |